| 000 | 00747nam a2200181 i 4500 | ||
|---|---|---|---|
| 001 | 154321 | ||
| 003 | ES-MaACL | ||
| 005 | 20230906205650.0 | ||
| 008 | 040713s1898 fr |||| | fre d | ||
| 100 | 1 |
_aGirard _c(député) _9153657 |
|
| 245 | 1 | 0 |
_aRapport de la Commission nommée a Budapest pour le choix d'une langue internationale / _crapporteurs M. Girard, M. Raqueni et Mme. Griess-Traut. |
| 260 |
_aTours : _b[s.n.], _c1898 ( _fImp. E. Arrault et Cie.) |
||
| 300 |
_a14 p. ; _c21 cm. |
||
| 650 | 4 |
_aLenguas artificiales. _9136381 |
|
| 700 | 1 |
_aRaqueni _c(directeur du journal l'Epoque) _9131613 |
|
| 700 | 1 |
_aGriess-Traut, J. _9127563 |
|
| 852 |
_aES-MaACL _jT-860-F-1 _z- Enc. hol. _z- Enc. en un vol. facticio _z. - Donativo Sr. Luquessi |
||
| 999 |
_c154321 _d154321 |
||